| Tag |
First Indicator |
Second Indicator |
Subfields |
| LEADER |
00000cam a2200000 a 4500 |
| 001 |
in00001465645 |
| 005 |
20151021051414.0 |
| 008 |
980325s1999 nyub b 001 0 eng |
| 010 |
|
|
|a 98017662
|
| 020 |
|
|
|a 0312216262 (cloth)
|
| 020 |
|
|
|a 0312216297 (pbk.)
|
| 035 |
|
|
|a (OCoLC)38910083
|
| 035 |
|
|
|9 AJD9958AM
|
| 040 |
|
|
|a DLC
|c DLC
|d C#P
|d TXA
|d UtOrBLW
|
| 043 |
|
|
|a e-sp---
|
| 049 |
|
|
|a TXAM
|
| 050 |
0 |
0 |
|a DP233
|b .R59 1999
|
| 082 |
0 |
0 |
|a 946.08
|2 21
|
| 100 |
1 |
|
|a Romero Salvadó, Francisco J.,
|d 1960-
|
| 245 |
1 |
0 |
|a Twentieth-century Spain :
|b politics and society in Spain, 1898-1998 /
|c Francisco J. Romero Salvadó.
|
| 264 |
|
1 |
|a New York :
|b St. Martin's Press,
|c 1999.
|
| 300 |
|
|
|a xxiii, 219 pages :
|b maps ;
|c 22 cm.
|
| 336 |
|
|
|a text
|b txt
|2 rdacontent
|
| 337 |
|
|
|a unmediated
|b n
|2 rdamedia
|
| 338 |
|
|
|a volume
|b nc
|2 rdacarrier
|
| 504 |
|
|
|a Includes bibliographical references and index.
|
| 651 |
|
0 |
|a Spain
|x Politics and government
|y 20th century.
|
| 948 |
|
|
|a c:cer
|d 20041105
|
| 999 |
|
|
|a MARS
|
| 999 |
f |
f |
|s 98cb6a02-996f-32bb-bd5a-1df40836ceb3
|i ee35ef0a-7ef7-3283-a003-7dbf0677f738
|t 0
|
| 952 |
f |
f |
|p normal
|a Texas A&M University
|b College Station
|c Sterling C. Evans Library
|s Evans stk
|d Evans: Library Stacks
|t 0
|e DP233 .R59 1999
|h Library of Congress classification
|i unmediated -- volume
|m A14825088923
|
| 998 |
f |
f |
|a DP233 .R59 1999
|t 0
|l Evans: Library Stacks
|